Encyclopaedia of Faiths and Religions of the World, Volume II: C-D : (Record no. 19350)

MARC details
000 -LEADER
fixed length control field 00656nam a22001817a 4500
003 - CONTROL NUMBER IDENTIFIER
control field BDDh-ASL
005 - DATE AND TIME OF LATEST TRANSACTION
control field 20231015025757.0
008 - FIXED-LENGTH DATA ELEMENTS--GENERAL INFORMATION
fixed length control field 201124s1999 ||||| |||| 00| 0 eng d
040 ## - CATALOGING SOURCE
Original cataloging agency BDDh-ASL
Transcribing agency BDDh-ASL
082 ## - DEWEY DECIMAL CLASSIFICATION NUMBER
Classification number 203
Item number GAE
245 00 - TITLE STATEMENT
Title Encyclopaedia of Faiths and Religions of the World, Volume II: C-D :
Remainder of title An indepth study of all religions and religious sects, their doctrinesk, rites, ceremonies and customs /
260 ## - PUBLICATION, DISTRIBUTION, ETC.
Place of publication, distribution, etc. New Delhi:
Name of publisher, distributor, etc. Aryan Books International,
Date of publication, distribution, etc. 1999.
300 ## - PHYSICAL DESCRIPTION
Extent 413-784 p. :
Dimensions 25 cm.
650 #0 - SUBJECT ADDED ENTRY--TOPICAL TERM
9 (RLIN) 2221
Topical term or geographic name entry element Religions
650 #0 - SUBJECT ADDED ENTRY--TOPICAL TERM
9 (RLIN) 2222
Topical term or geographic name entry element Encyclopaedia
Form subdivision Encyclopedia
700 1# - ADDED ENTRY--PERSONAL NAME
9 (RLIN) 2220
Personal name Gardner, James
942 ## - ADDED ENTRY ELEMENTS (KOHA)
Source of classification or shelving scheme Dewey Decimal Classification
Koha item type Books
Holdings
Withdrawn status Lost status Source of classification or shelving scheme Damaged status Not for loan Collection code Home library Current library Shelving location Date acquired Source of acquisition Serial Enumeration / chronology Total Checkouts Full call number Barcode Date last seen Copy number Price effective from Koha item type
    Dewey Decimal Classification     Non-fiction Asiatic Society Library Asiatic Society Library Sirajul Islam Collection 11/24/2020 Donated by Professor Sirajul Islam, FRHS V-2   203 GAE 102666 11/24/2020 C-1 11/24/2020 Books

Powered by Koha